Flags of Former Countries of the U.S.A - Statistics

General Stats
  • This quiz has been taken 36 times
  • The average score is 4 of 8
Answer Stats
Picture Answer % Correct
Republic of California
100%
Republic of Texas
100%
Kingdom of Hawaii
73%
Republic of Vermont
60%
Confederate States of America
37%
Republic of West Florida
37%
Iroquois Nation
20%
Whiskey Rebellion
17%
No matching quizzes found
Score Distribution
Percent of People with Each Score
Percentile by Number Answered
Your Score History
You have not taken this quiz